Know the songs? - Albenquiz - #1 „Thriller“ - Statistiken

Allgemein
  • Dieses Quiz wurde 11 mal gespielt
  • Das Durchschnittsergebnis liegt bei 3 aus 9
Antwortstatistiken
Album Mitwirkende(r)? Thriller Tracklist % Korrekt
Thriller Thriller
100%
Thriller Beat It
55%
Thriller Billie Jean
55%
Thriller Paul McCartney The Girl Is Mine
18%
Thriller Wanna Be Startin‘ Somethin‘
18%
Thriller Baby Be Mine
9%
Thriller Human Nature
9%
Thriller P.Y.T.
9%
Thriller The Lady in My Life
9%
Keine übereinstimmenden Quizze gefunden
Verteilung der Resultate
Anzahl Personen mit jedem Resultat
Perzentil nach korrekt beantworteten Fragen
Ihre Resultats-Entwicklung
Sie haben dieses Quiz noch nicht gespielt